000 01365nam a22003737a 4500
003 CHAP
005 20220817042106.0
008 971013s1984 r 00010 d
010 _a34268
011 _a35240
035 _a39356
040 _cCHAP
090 _aFolleto 8543
100 0 0 _aLuna Lorente, Francisco.
_969078
245 _aForrajeros pluvioanuales para los regadíos mediterráneos
260 _aMadrid :
_bMinisterio de Agricultura, Pesca y Alimentación,
_c1984
300 _a24 p.
_b: ilus.
490 _aMinisterio de Agricultura. Hojas divulgadoras
_v; 2/84
590 _aBATCH-UPD
_b10
_c20130110
_lUCH01
_h0051
590 _aBATCH-UPD
_b10
_c20130110
_lUCH01
_h2056
590 _aBATCH-UPD
_b10
_c20130409
_lUCH01
_h2039
590 _aBATCH-UPD
_b10
_c20130410
_lUCH01
_h1409
590 _aBATCH-UPD
_b10
_c20130914
_lUCH01
_h1319
590 _aCONVERSION
_b10
_c20130109
_lUCH01
_h1319
650 1 4 _aPlantas forrajeras.
_988943
700 0 _aHidalgo Santacruz, Juan José.
_955204
700 0 _aRosello Beltrán, Bernardo.
_9100097
710 0 _aEspaña. Ministerio de Agricultura, Pesca y Alimentación.
_937712
830 0 _aMinisterio de Agricultura. Hojas divulgadoras
_v; 2/84
901 _aBK
942 _cFOLL
949 _aFolleto 8543
_bBC
_cFOLL
_d-89746
_eTS1
_i39356
_si
949 _aFolleto 8543
_bBC
_cFOLL
_d-89747
_eTS2
_fc.2
_i39356
_si
999 _c34268
_d34268